000 02598nab a2200265 i 4500
003 BR-BrBNA
005 20241127115739.0
008 241127b2010 bl.qr|pooa||| 00| 0 por |
040 _aBR-BrBNA
_bpor
072 _aF70
100 _aMelo, Aline
100 _aAlves-Araújo, Anderson
100 _aAlves, Marccus
245 _aBurmanniaceae e Gentianaceae da Usina São José, Igarassu, Pernambuco
500 _aPublicação on-line; 39 ref.; 3 illus.; Summaries (En, Pt)
520 _a Resumo O objetivo deste trabalho é o estudo taxonômico das espécies de Burmanniaceae e Gentianaceae encontradas na Usina São José. As coletas foram realizadas em seis fragmentos florestais entre 2007 e 2009, além do levantamento dos herbários locais. Foram encontradas três espécies de Burmanniaceae: Apteria aphylla, Gymnosiphon divaricatus e G. sphaerocarpus; e quatro de Gentianaceae: Coutoubea spicata, Voyria caerulea, V. obconica e V. tenella. Apenas C. spicata é autótrofa; as demais são mico-heterótrofas. As espécies foram encontradas apenas nos maiores remanescentes e as espécies mico-heterótrofas mostraram-se potenciais bioindicadoras de ambientes conservados. Gymnosiphon sphaerocarpus constitui o primeiro registro para o Brasil. Palavras-chave: Mata Atlântica, mico-heterótrofas, Nordeste do Brasil, saprófitas.
520 _a ABSTRACT A taxonomic study was made of Burmanniaceae and Gentianaceae from the Usina São José. Collecting was done in six forest fragments, from 2007 to 2009; vouchers from local herbaria were also studied. Three species of Burmanniaceae (Apteria aphylla, Gymnosiphon divaricatus, and G. sphaerocarpus) and four of Gentianaceae (Coutoubea spicata, Voyria caerulea, V. obconica, and V. tenella) were found. Only C. spicata is autotrophic, the others are myco-heterotrophic. Specimens were found only in the largest fragments and the myco-heterotrophs can be considered potential bioindicators of preserved environments. Gymnosiphon sphaerocarpus is recorded for the first time in Brazil. Key-words: Atlantic rain forest, myco-heterotrophs, Northeastern Brazil, saprophytes.
650 _aMATA ATLÂNTICA
650 _aNORDESTE DO BRASIL
650 _aGENTIANACEAE
773 0 _0709
_9346775
_dRio de Janeiro-RJ Jardim Botanico do Rio de Janeiro 1935
_o2024-7505
_tRodriguésia (Brazil)
_x0370-6583; 2175-7860 on-line
_gv. 61(3) p. 431-440; (2010)
_wBR2024003689
856 _uhttps://www.scielo.br/j/rod/a/VGJN8NyvP3Y8DncVXrBvBCy/?format=pdf&lang=pt
942 _cANA
999 _c328858
_d328858